Statistics for Todrick Hall Charting Songs (Billboard Hot Dance)

Click here to take the quiz!

General Stats

  • This quiz has been taken 19 times
    (13 since last reset)
  • The average score is 4 of 6

Answer Stats

AlbumWeeks OnPeakArtist(s)Song% Correct
Haus Party, Pt. 12 Weeks#40Todrick HallAttention
100%
Straight Outta Oz (Deluxe Edition)2 Weeks#35Todrick Hall ft. RuPaulLow
100%
Haus Party, Pt. 1 and Haus Party, Pt. 220 Weeks#21Todrick HallNails, Hair, Hips, Heels
100%
Haus Party, Pt. 11 Week#40Todrick HallI Like Boys
50%
Non-Album Single3 Weeks#30Todrick HallBells, Bows, Gifts, Trees
25%
Haus Party, Pt. 21 Week#49Todrick HallWig
25%

Score Distribution

Percentile by Number Answered

Percent of People with Each Score

Your Score History

You have not taken this quiz since the last reset